| 000 | 00358 a2200157 4500 | ||
|---|---|---|---|
| 001 | 44271 | ||
| 020 | _a8530501268 | ||
| 040 | _cAnchieta - Aquarius | ||
| 100 | _aBandeira, Pedro | ||
| 240 | 1 | 0 |
_aCidinha e a pulga da cidinha _lpor |
| 245 | 1 | 0 | _aCidinha e a pulga da cidinha |
| 300 | _a31 | ||
| 362 | 0 | _a1997 | |
| 650 | 4 | _aLiteratura infantil | |
| 942 | _cBK | ||
| 999 |
_c44271 _d44271 |
||